000 00644nam a2200265Ia 4500
005 20260121161450.0
008 008 260114s9999 xx 000 0 eng d
020 _a9780203096536
037 _aEBOOK
040 _aCRL
040 _beng
040 _cCRL
041 _2eng
041 _aeng
084 _qCRL
100 _aPeacebuilding and NGOs
_91045250
245 0 _aRyerson Christie
260 _bTaylor and Francis
260 _c2013
650 _aMilitary & Strategic Studies
_91045251
856 _uhttp://www.taylorfrancis.com/books/9780203096536
942 _cEBOOK
999 _c1611033
_d1611033